000 00598nmm a2200193Ia 4500
008 251105s9999||||xx |||||||||||||||||und||
020 _a9788484281825
041 _aspa
100 _aStanislavski, Konstantín
245 0 _aEl trabajo del actor sobre sí mismo en el proceso creador de la vivencia
264 _a[Madrid, España] :
_bAlba Editorial,
_c2015
300 _a368 páginas
490 _aArtes escénicas
650 _aTheater / Drama
700 _aStanislavski, Konstantín
700 1 _a Saura, Jorge
856 _uhttps://public.digitaliapublishing.com/a/48846
942 _cCF
999 _c71691
_d71691